Szczegóły MARC21

Towary niebezpieczne : transport w praktyce /

003 -Nazwa inst., której nr kontr. jest w polu 001 [,]
    • @
    • Nazwa instytucji, której n kontrolny jest w polu 001
    • NUKAT
005 -DATA I CZAS OSTATNIEJ MODYFIKACJI [,]
    • @
    • pole kontrolne
    • 20241231094703.0
020 -Międzynarod. znormalizowany nr książki - ISBN [ , ]
    • a
    • Numer ISBN
    • 9788392833864 Find
040 -Instytucja sporządzająca opis [ , ]
    • a
    • Instytucja, która sporządziła opis (NP)
    • KR 306/LS
    • c
    • Instytucja, która sporządziła rekord (NP)
    • KR 306/LS
    • d
    • Instytucja, która zmodyfikowała rekord (P)
    • KR 306/AR
942 -Rodzaj dokumentu [ , ]
    • c
    • Rodzaj dokumentu
    • Książka
100 -Hasło główne - nazwa osobowa [1, ]
    • a
    • Nazwa osobowa (NP)
    • Grzegorczyk, Krzysztof
    • c
    • Dopowiedzenie inne niż daty biograficzne (P)
    • (transport).
    • 9
    • KHW
    • 606427
245 -Strefa tytułu i oznaczenia odpowiedzialności [1,0]
    • a
    • Tytuł
    • Towary niebezpieczne : Find
    • b
    • Ciąg dalszy tytułu (NP)
    • transport w praktyce / Find
    • c
    • Pozostałe elementy strefy tytułu i oznaczenia odpowiedzialności (NP)
    • Krzysztof Grzegorczyk, Rafał Buchcar.
260 -Strefa adresu wydawniczego [ , ]
    • a
    • Miejsce wydania (P)
    • Błonie :
    • b
    • Nazwa wydawcy (P)
    • Wydawnictwo ADeR,
    • c
    • Data wydania (P)
    • 2014.
300 -Strefa opisu fizycznego [ , ]
    • a
    • Określenie formy książki i/lub objętość (NP)
    • 468 s. :
    • b
    • Oznaczenie ilustracji (NP)
    • il. ;
    • c
    • Format (NP)
    • 23 cm +
    • e
    • Oznaczenie dokumentu towarzyszącego (NP)
    • Instrukcje pisemne zgodne z ADR (4 s. ; 21 cm) + zakładka-indeks.
336 -Typ zawartości [ , ]
    • a
    • Termin opisujący typ zawartości
    • Tekst
    • b
    • Kod określający zawartość
    • txt
    • 2
    • Źródło (terminu i kodu)
    • rdacontent
337 -Typ mediów [ , ]
    • a
    • Tryb odtwarzania
    • Bez urządzenia pośredniczącego
    • b
    • Kod typu mediów
    • n
    • 2
    • Źródło (terminu i kodu)
    • rdamedia
338 -Typ/rodzaj nośnika [ , ]
    • a
    • Hasło opisujące typ nośnika
    • Wolumin
    • b
    • Kod typu nośnika
    • nc
    • 2
    • Źródło (terminu i kodu)
    • rdacarrier
500 -Uwaga ogólna [ , ]
    • a
    • Uwaga ogólna (NP)
    • Okł.: ADR 2013-2015.
500 -Uwaga ogólna [ , ]
    • a
    • Uwaga ogólna (NP)
    • Na s. 2, 3 i 4 okł. tablice i znaki do poszczegól. rozdz.
504 -Uwaga dot. bibliogr. załącznikowej [ , ]
    • a
    • Uwaga dot. bibliografii załącznikowej
    • Wykaz aktów prawnych s. 428-451. Indeks.
650 -Hasło przedmiotowe [ ,7]
    • a
    • Hasło przedmiotowe
    • Substancje niebezpieczne
    • x
    • Określnik rzeczowy
    • transport.
    • 2
    • Źródło terminu
    • kaba
    • 9
    • KHW
    • 131545
650 -Hasło przedmiotowe [ ,7]
    • a
    • Hasło przedmiotowe
    • Substancje niebezpieczne
    • x
    • Określnik rzeczowy
    • klasyfikacja.
    • 2
    • Źródło terminu
    • kaba
    • 9
    • KHW
    • 467140
650 -Hasło przedmiotowe [ ,7]
    • a
    • Hasło przedmiotowe
    • Substancje niebezpieczne
    • x
    • Określnik rzeczowy
    • środki bezpieczeństwa.
    • 2
    • Źródło terminu
    • kaba
    • 9
    • KHW
    • 467384
650 -Hasło przedmiotowe [ ,7]
    • a
    • Hasło przedmiotowe
    • Substancje niebezpieczne
    • x
    • Określnik rzeczowy
    • transport
    • x
    • Określnik rzeczowy
    • prawo
    • z
    • Określnik geograficzny
    • Polska.
    • 2
    • Źródło terminu
    • kaba
    • 9
    • KHW
    • 606595
700 -Hasło dodatkowe - nazwa osobowa [1, ]
    • a
    • Nazwa osobowa (NP)
    • Buchcar, Rafał. Find
    • 9
    • KHW
    • 606426
710 -Hasło dodatkowe - nazwa ciała zbiorowego [2, ]
    • a
    • Nazwa ciała zbiorowego lub nazwa geograficzna jako pierwszy element (NP)
    • Wydawnictwo ADeR Buch-Car (Błonie).
    • 4
    • Kod relacji
    • pbl
    • 9
    • KHW
    • 606428
740 -Hasło dodatkowe - tytuł [0,2]
    • a
    • Tytuł
    • Instrukcje pisemne zgodne z ADR
920 -ISBN [ , ]
    • a
    • ISBN
    • 978-83-928338-6-4 Find
Data inwentaryzacji Lokalizacja Status udost. Numer inwentarzowy Sygnatura
2021-09-20T-2T.21342T.21342